LIBRARY & INFORMATION CENTRE, KCAET, TAVANUR

ONLINE PUBLIC ACCESS CATALOGUE (OPAC)

Pronunciation of English / (Record no. 3512)

MARC details
000 -LEADER
fixed length control field 00422cam a2200169ua 4500
041 ## - LANGUAGE CODE
Language code of text/sound track or separate title eng
082 ## - DEWEY DECIMAL CLASSIFICATION NUMBER
Classification number 421.52
Item number JON/PR
100 ## - MAIN ENTRY--AUTHOR NAME
Personal name Jones, Daniel .
245 ## - TITLE STATEMENT
Title Pronunciation of English /
250 ## - EDITION STATEMENT
Edition statement 4 /
260 ## - PUBLICATION, DISTRIBUTION, ETC. (IMPRINT)
Place of publication Cambridge :
Name of publisher Cambridge University Press ,
Year of publication 1966.
300 ## - PHYSICAL DESCRIPTION
Number of Pages 223 ; .
942 ## - ADDED ENTRY ELEMENTS (KOHA)
Koha item type Books
Holdings
Withdrawn status Lost status Damaged status Home library Current library Date acquired Full call number Accession Number Koha item type Shelving location
Withdrawn     KAUAET Malayalam University 22/11/2022 421.52 JON/PR 9809 Books Old Collection
Withdrawn     KAUAET Sanskrit University 07/04/2012 421.52 11644 Books  
free website counter